000 00468nam a2200193 a 4500
001 1767946523896
003 YourLibrary
005 20260110115633.0
008 260109s2010##################000#0#eng##
020 _a9780199582945
082 0 4 _a302.2
_bSKY
100 1 _aSkyrms, Brian,
_eauthor.
245 1 0 _aSignals :
260 _bOUP Oxford,
_c2010.
300 _a208 pages
650 0 _aScience.
942 _cENGLISH
040 _aYourLibrary
_beng
_cYourLibrary
999 _c608064
_d608064